Online
Catalog

Esquemas electrónicos utilizados en recepción / (Record no. 19421)

MARC details
000 -CABECERA
campo de control de longitud fija 00550nam a2200181 a 4500
001 - NÚMERO DE CONTROL
campo de control 000019908
005 - FECHA Y HORA DE LA ÚLTIMA TRANSACCIÓN
campo de control 20200929170203.0
008 - DATOS DE LONGITUD FIJA--INFORMACIÓN GENERAL
campo de control de longitud fija 100708s1965 sp a r 000 0 spa d
040 ## - FUENTE DE LA CATALOGACIÓN
Centro catalogador/agencia de origen DO-SdBNP
Lengua de catalogación spa
Centro/agencia transcriptor BNPHU
082 ## - NÚMERO DE LA CLASIFICACIÓN DECIMAL DEWEY
Número de clasificación xxxx
Número de documento/Ítem B582e
049 ## - FONDOS LOCALES (OCLC)
Fondos de biblioteca BNGR
100 1# - ENTRADA PRINCIPAL--NOMBRE DE PERSONA
Nombre de persona Biblot, Michel
9 (RLIN) 42464
245 10 - MENCIÓN DE TÍTULO
Título Esquemas electrónicos utilizados en recepción /
Mención de responsabilidad, etc. Michel Biblot.
260 ## - PUBLICACIÓN, DISTRIBUCIÓN, ETC.
Lugar de publicación, distribución, etc. Bilbao :
Nombre del editor, distribuidor, etc. Editores Técnicos Asociados,
Fecha de publicación, distribución, etc. 1965.
300 ## - DESCRIPCIÓN FÍSICA
Extensión T. 2 :
Otras características físicas il. ;
Dimensiones 24 cm.
500 ## - NOTA GENERAL
Nota general Bibliografía p.[127].
500 ## - NOTA GENERAL
Nota general Incluye índice alfabético.
Holdings
Estado de retiro Estado de pérdida Restricciones de uso No para préstamo Código de colección Localización permanente Ubicación/localización actual Ubicación en estantería Fecha de adquisición Número de inventario Total de préstamos Signatura topográfica completa Código de barras Fecha visto por última vez Precio válido a partir de Tipo de ítem Koha
        Monografías: Libros y Folletos General General En catalogación 08.07.2010 LF1   xxxx B582e 19908-10 25.06.2020 25.06.2020 Préstamo en sala

Powered by Koha